[Event "Mont de Marsan op 6th"]
[Site "Mont de Marsan"]
[Date "2006.12.29"]
[Round "7"]
[White "Simon, Lionel"]
[Black "Darrigues, Alain"]
[Result "0-1"]
[WhiteElo "1730"]
[BlackElo "1989"]
[PlyCount "96"]
[EventDate "2006.12.26"]
[EventType "swiss"]
[EventRounds "9"]
[EventCountry "FRA"]
[SourceTitle "CBM 116 Extra"]
[Source "ChessBase"]
[SourceDate "2007.03.07"]
[SourceVersion "1"]
[SourceVersionDate "2007.03.07"]
[SourceQuality "1"]

1. e4 c5 2. Nf3 Nc6 3. d4 cxd4 4. Nxd4 Nf6 5. Nc3 e5 6. Ndb5 d6 7. Nd5 Nxd5 8. exd5 Nb8 9. c4 Be7 10. Bd3 a6 11. Nc3 0-0 12. 0-0 f5 13. Bc2 Nd7 14. b3 g6 15. Bh6 Rf7 16. Kh1 Nf6 17. f3 Bd7 18. Bd3 Rc8 19. Qc2 b5 20. Qe2 b4 21. Nd1 Nh5 22. Bd2 a5 23. Nf2 Bg5 24. Nh3 Bxd2 25. Qxd2 f4 26. Qf2 g5 27. Rac1 Rc5 28. Rce1 Qe7 29. Qc2 Rg7 30. Bf5 Nf6 31. Nf2 Nxd5 32. Ng4 h5 33. Bxd7 Qxd7 34. cxd5 Rxc2 35. Nf6+ Kf8 36. Nxd7+ Rxd7 37. Kg1 Rdc7 38. Rf2 Kf7 39. Kf1 Kf6 40. Rxc2 Rxc2 41. Re2 Rc5 42. Rd2 Kf5 43. Ke2 e4 44. h4 g4 45. fxg4+ Kxg4 46. Rd4 Kf5 47. a4 Ke5 48. Rc4 Kxd5 0-1

[Event "Guingamp op 7th"]
[Site "Guingamp"]
[Date "2003.03.06"]
[Round "7"]
[White "Ellien, Iwan"]
[Black "Simon, Lionel"]
[Result "1-0"]
[WhiteElo "1840"]
[BlackElo "1750"]
[PlyCount "51"]
[EventDate "2003.03.02"]
[EventType "swiss"]
[EventRounds "9"]
[EventCountry "FRA"]
[SourceTitle "EXT 2004"]
[Source "ChessBase"]
[SourceDate "2003.11.25"]
[SourceVersion "1"]
[SourceVersionDate "2003.11.25"]
[SourceQuality "1"]

1. e4 e6 2. d3 d5 3. Nd2 dxe4 4. dxe4 b6 5. Ngf3 Bb7 6. Bc4 Nc6 7. 0-0 Nf6 8. e5 Nd7 9. Qe2 Be7 10. Rd1 0-0 11. Ne4 Qe8 12. Neg5 Bxg5 13. Bxg5 Nc5 14. Bb5 a6 15. Bxc6 Bxc6 16. Rd4 b5 17. Rad1 Bd5 18. Rh4 Nd7 19. Qd3 h6 20. Bxh6 gxh6 21. Rxh6 f5 22. Ng5 Nxe5 23. Qh3 Kg7 24. Rh7+ Kf6 25. Qh4 Nf3+ 26. Nxf3+ 1-0

[Event "Fouesnant op 07th"]
[Site "Fouesnant"]
[Date "2001.10.28"]
[Round "1"]
[White "Theon, Pierre"]
[Black "Simon, Lionel"]
[Result "1-0"]
[WhiteElo "2207"]
[BlackElo "1670"]
[PlyCount "65"]
[EventDate "2001.10.27"]
[EventType "swiss"]
[EventRounds "7"]
[EventCountry "FRA"]
[SourceTitle "EXT 2003"]
[Source "ChessBase"]
[SourceDate "2002.11.25"]
[SourceVersion "1"]
[SourceVersionDate "2002.11.25"]
[SourceQuality "1"]

1. d4 d5 2. Nf3 Nc6 3. g3 Nf6 4. Bg2 e6 5. 0-0 Bd6 6. c4 dxc4 7. Nbd2 0-0 8. Nxc4 Qe7 9. Nfe5 Bd7 10. Bg5 Rad8 11. e4 Bxe5 12. dxe5 Nxe5 13. Nxe5 Bb5 14. Qf3 Bxf1 15. Bxf1 h6 16. Be3 Qb4 17. Rb1 Qxe4 18. Qxe4 Nxe4 19. Bg2 Nd6 20. Rc1 f6 21. Ng6 Rf7 22. Bh3 Nf5 23. Bxf5 exf5 24. h4 Rfd7 25. Kg2 b6 26. Rc6 Kf7 27. h5 Re8 28. Kf3 Re4 29. Bf4 Red4 30. b3 Re4 31. Bxc7 Rd3+ 32. Kg2 Re2 33. Nf4 1-0